[Event "Sparkassen-Open A"]
[Site "Heusenstamm, Martinsee"]
[Date "2015.11.28"]
[Round "5.3"]
[White "Landa, Konstantin"]
[Black "Solonar, Stefan"]
[Result "1-0"]
[WhiteElo "2625"]
[BlackElo "2341"]
[PlyCount "105"]
[EventDate "2015.??.??"]
[WhiteTeam "SV Mülheim-Nord"]
[BlackTeam "SC Heusenstamm"]

1. Nf3 Nf6 2. c4 g6 3. Nc3 d6 4. d4 Nbd7 5. e4 e5 6. Be2 Bg7 7. O-O O-O 8. Be3
Qe7 9. dxe5 dxe5 10. Nd5 Qd8 11. Qc2 Ng4 12. Bg5 f6 13. Bc1 c6 14. Nc3 Re8 15.
h3 Nh6 16. Be3 Nf7 17. c5 Bh6 18. Bxh6 Nxh6 19. b4 Nf7 20. Bc4 Nf8 21. Bxf7+
Kxf7 22. Rad1 Qe7 23. Rd6 Be6 24. Rfd1 Rec8 25. Qd3 Rc7 26. Nd2 Rd7 27. Nc4
Bxc4 28. Qxc4+ Kg7 29. Rxd7 Nxd7 30. Rd6 Nf8 31. b5 Rc8 32. Qa4 cxb5 33. Qxa7
Ne6 34. Nd5 Qf7 35. Qb6 Nxc5 36. Rxf6 Qe8 37. f3 Kh6 38. Kh2 Qd7 39. Rd6 Qe8
40. Rf6 Qd7 41. Rd6 Qe8 42. Nf6 Qf8 43. h4 Kg7 44. Kh3 Qe7 45. Nd5 Qf8 46. Rf6
Qe8 47. g4 Qd7 48. Kg3 Kh8 49. g5 Kg7 50. Rd6 Qe8 51. Nf6 Qe7 52. Rd5 h6 53.
gxh6+ 1-0

[Event "Sparkassen-Open A"]
[Site "Heusenstamm, Martinsee"]
[Date "2015.11.28"]
[Round "5.4"]
[White "Barski, Radoslaw"]
[Black "Borovikov, Vladislav"]
[Result "1/2-1/2"]
[WhiteElo "2336"]
[BlackElo "2564"]
[PlyCount "30"]
[EventDate "2015.??.??"]
[WhiteTeam "SC Heusenstamm"]
[BlackTeam "SC Siegburg"]

1. e4 c5 2. Nf3 d6 3. Bb5+ Nd7 4. O-O a6 5. Bd3 Ngf6 6. Re1 b5 7. c4 g5 8. Nxg5
Ne5 9. Bf1 bxc4 10. d4 cxd3 11. f4 Nc6 12. Bxd3 h6 13. Nf3 e6 14. Nc3 Bb7 15.
b3 Be7 1/2-1/2

[Event "Sparkassen-Open A"]
[Site "Heusenstamm, Martinsee"]
[Date "2015.11.28"]
[Round "5.5"]
[White "Meyner, Hannes"]
[Black "Kveinys, Aloyzas"]
[Result "0-1"]
[WhiteElo "2202"]
[BlackElo "2485"]
[PlyCount "78"]
[EventDate "2015.??.??"]
[WhiteTeam "Kasseler SK"]
[BlackTeam "Vilnius"]

1. d4 Nf6 2. c4 e6 3. Nc3 Bb4 4. Qc2 O-O 5. Nf3 c5 6. dxc5 Bxc5 7. Bf4 Nc6 8.
e3 d5 9. Rd1 Qa5 10. a3 Be7 11. Be2 dxc4 12. Bxc4 e5 13. Bg3 Bg4 14. O-O Rac8
15. Nd5 b5 16. Nxf6+ Bxf6 17. Bd5 Ne7 18. Qd2 Qa4 19. Qb4 Qxb4 20. axb4 Nxd5
21. Rxd5 Be6 22. Rc5 Be7 23. Rxc8 Rxc8 24. Bxe5 Bxb4 25. h3 f6 26. Bd4 a5 27.
g4 a4 28. Nh4 Kf7 29. f4 Bd5 30. g5 Be4 31. gxf6 gxf6 32. f5 Bd6 33. Nf3 Rc2
34. Rf2 Rc1+ 35. Kg2 b4 36. Rd2 b3 37. Bxf6 Rc2 38. Bc3 Rxd2+ 39. Bxd2 a3 0-1

[Event "Sparkassen-Open A"]
[Site "Heusenstamm, Martinsee"]
[Date "2015.11.28"]
[Round "5.6"]
[White "Milov, Leonid"]
[Black "Wieczorek, Oskar"]
[Result "1/2-1/2"]
[WhiteElo "2471"]
[BlackElo "2428"]
[PlyCount "35"]
[EventDate "2015.??.??"]
[WhiteTeam "SC Noris-Tarrasch Nürnberg"]
[BlackTeam "SC Heusenstamm"]

1. e4 c5 2. Nf3 d6 3. d4 cxd4 4. Nxd4 Nf6 5. Nc3 Nc6 6. f3 e5 7. Nb3 Be7 8. Be3
O-O 9. Qd2 a5 10. Bb5 Be6 11. Nd5 Bxd5 12. exd5 Na7 13. Be2 a4 14. Nc1 b5 15.
a3 Qb8 16. Na2 Bd8 17. O-O Bb6 18. Nb4 1/2-1/2

[Event "Sparkassen-Open A"]
[Site "Heusenstamm, Martinsee"]
[Date "2015.11.28"]
[Round "5.7"]
[White "Weichhold, Pawel"]
[Black "Thinius, Marco"]
[Result "0-1"]
[WhiteElo "2413"]
[BlackElo "2328"]
[PlyCount "63"]
[EventDate "2015.??.??"]
[WhiteTeam "SC Heusenstamm"]
[BlackTeam "SV Empor Berlin"]

1. e4 e5 2. Nf3 Nc6 3. Bb5 Nge7 4. Nc3 Ng6 5. d4 exd4 6. Nxd4 Nxd4 7. Qxd4 c6
8. Be2 Qb6 9. Qd1 Be7 10. O-O O-O 11. Kh1 d6 12. f4 f5 13. Bd3 Qc7 14. Bd2 fxe4
15. Nxe4 Bf5 16. Qh5 Qd7 17. h3 d5 18. Nf2 Bd6 19. g3 Bc5 20. Rae1 Bxf2 21.
Rxf2 Bxd3 22. cxd3 Rae8 23. Ref1 Qf5 24. Qf3 Ne5 25. Qg2 Nxd3 26. Rf3 Rf7 27.
Bc3 d4 28. Bd2 Nxb2 29. g4 Qd5 30. f5 Nc4 31. Bc1 Ne3 32. Qf2 0-1

[Event "Sparkassen-Open A"]
[Site "Heusenstamm, Martinsee"]
[Date "2015.11.28"]
[Round "5.8"]
[White "van Foreest, Jorden"]
[Black "Köllner, Christof"]
[Result "1/2-1/2"]
[WhiteElo "2546"]
[BlackElo "2118"]
[PlyCount "142"]
[EventDate "2015.??.??"]
[WhiteTeam "SK Turm Emsdetten"]
[BlackTeam "SV Bergneustadt/Derschlag"]

1. e4 d6 2. d4 Nf6 3. Nc3 e5 4. Nf3 exd4 5. Nxd4 Be7 6. Be2 O-O 7. Bf4 Nc6 8.
Nxc6 bxc6 9. e5 dxe5 10. Qxd8 Bxd8 11. Bxe5 Re8 12. O-O-O Nd5 13. Nxd5 Rxe5 14.
Nc3 Bg5+ 15. Kb1 Be6 16. Bf3 Rb8 17. b3 Be7 18. Ne2 c5 19. Nf4 c4 20. Bd5 cxb3
21. axb3 Bxd5 22. Nxd5 Bd6 23. Rhe1 Rxe1 24. Rxe1 Kf8 25. Kb2 c6 26. Nc3 Bc5
27. Nd1 Re8 28. Rxe8+ Kxe8 29. Kc3 Kd7 30. Kc4 Bb6 31. f3 h5 32. Nc3 g6 33. b4
Bg1 34. h3 Bb6 35. b5 cxb5+ 36. Kxb5 Bd4 37. Ne2 Be3 38. Nc3 f5 39. Nd5 Bd2 40.
Kc5 Ke6 41. Kc6 a5 42. Nb6 g5 43. c4 g4 44. c5 gxh3 45. gxh3 Bb4 46. f4 Bd2 47.
Nc4 Bxf4 48. Nxa5 Be3 49. Nc4 f4 50. Kb5 Bd4 51. Nd2 Kd7 52. Nf3 Bf6 53. Kb6
Kc8 54. Kc6 Bc3 55. Kd6 Ba5 56. Ng5 Bc7+ 57. Ke6 Bd8 58. Nf3 Kc7 59. Nd4 f3 60.
Nxf3 Kc6 61. Nd4+ Kxc5 62. Nf5 Bg5 63. Ng3 Bh4 64. Nxh5 Kd4 65. Kf5 Ke3 66. Kg4
Bd8 67. Nf4 Ke4 68. Ne6 Be7 69. Nf4 Bd8 70. Nd5 Kxd5 71. h4 Bxh4 1/2-1/2

[Event "Sparkassen-Open A"]
[Site "Heusenstamm, Martinsee"]
[Date "2015.11.28"]
[Round "5.9"]
[White "Hilzinger, Markus"]
[Black "Keller, Peter"]
[Result "1/2-1/2"]
[WhiteElo "2100"]
[BlackElo "2304"]
[PlyCount "94"]
[EventDate "2015.??.??"]
[WhiteTeam "SC Pforzheim"]
[BlackTeam "Frankfurter TV"]

1. c4 c6 2. d4 d5 3. Nf3 Nf6 4. g3 Bg4 5. Bg2 e6 6. O-O Nbd7 7. b3 Be7 8. Nc3
O-O 9. h3 Bh5 10. Bf4 Bb4 11. Bd2 Qe7 12. g4 Bg6 13. Nh4 Rfd8 14. Nxg6 hxg6 15.
cxd5 exd5 16. Rc1 Re8 17. Re1 Bxc3 18. Rxc3 Ne4 19. Rc2 Qh4 20. Be3 f5 21. f3
Ng5 22. Bxg5 Qxg5 23. e4 fxe4 24. fxe4 dxe4 25. Bxe4 Nf6 26. Bg2 Qf4 27. Rce2
Rxe2 28. Rxe2 Rd8 29. Qd2 Qxd4+ 30. Qxd4 Rxd4 31. g5 Nd7 32. Re8+ Kf7 33. Ra8
a6 34. Ra7 Nc5 35. Bxc6 Ke6 36. Bxb7 Nxb7 37. Rxb7 Kf5 38. Rf7+ Kxg5 39. Rf2
Kh4 40. Kg2 g5 41. Rb2 Rd3 42. a4 Rg3+ 43. Kh2 Rxh3+ 44. Kg2 g4 45. b4 Rg3+ 46.
Kh2 Rh3+ 47. Kg2 Rg3+ 1/2-1/2

[Event "Sparkassen-Open A"]
[Site "Heusenstamm, Martinsee"]
[Date "2015.11.28"]
[Round "5.10"]
[White "van Foreest, Lucas"]
[Black "Busch, Lorenz"]
[Result "1-0"]
[WhiteElo "2299"]
[BlackElo "2095"]
[PlyCount "81"]
[EventDate "2015.??.??"]
[WhiteTeam "SK Turm Emsdetten"]
[BlackTeam "SC Herxheim"]

1. e4 e6 2. d4 d5 3. Nd2 Nf6 4. e5 Nfd7 5. c3 c5 6. Bd3 Nc6 7. Ne2 cxd4 8. cxd4
f6 9. exf6 Nxf6 10. Nf3 Bd6 11. O-O Qc7 12. Bd2 O-O 13. Rc1 Bd7 14. Nc3 a6 15.
Na4 Ne4 16. Be3 Qa5 17. Nc3 Nxc3 18. Rxc3 h6 19. Bb1 Rf6 20. Qd3 Kf7 21. Qh7
Rg8 22. Bxh6 Rxh6 23. Ng5+ Ke7 24. Qxg8 Bxh2+ 25. Kh1 Be5+ 26. Rh3 Rxh3+ 27.
gxh3 Bxd4 28. Qf7+ Kd6 29. Qf4+ Ke7 30. b3 Bf6 31. Nh7 Qc3 32. Qg3 Be5 33. Qh4+
Kd6 34. f4 Bd4 35. f5 e5 36. Ng5 e4 37. Nf7+ Kc5 38. Ng5 Bxf5 39. Qf4 Be3 40.
Qxf5 Ne7 41. Nxe4+ 1-0

[Event "Sparkassen-Open A"]
[Site "Heusenstamm, Martinsee"]
[Date "2015.11.28"]
[Round "5.11"]
[White "Pfeffer, Marko"]
[Black "Schmitzer, Klaus"]
[Result "0-1"]
[WhiteElo "2091"]
[BlackElo "2285"]
[PlyCount "66"]
[EventDate "2015.??.??"]
[WhiteTeam "SC Bergen-Enkheim"]
[BlackTeam "Bad Vilbeler Sfr"]

1. e4 c6 2. b3 d5 3. Nc3 dxe4 4. Bb2 Nf6 5. Nge2 Bf5 6. Ng3 e6 7. Qe2 Qa5 8.
Ncxe4 Nxe4 9. Nxe4 Na6 10. a3 O-O-O 11. Bc3 Qd5 12. f3 Nc5 13. d3 e5 14. Bb2 f6
15. O-O-O Ne6 16. Kb1 h5 17. h4 Kb8 18. g3 Nd4 19. Qf2 Qa5 20. a4 Be7 21. Bh3
Bg6 22. f4 Rhf8 23. Nd2 Bc5 24. Nc4 Qc7 25. Qf1 b5 26. axb5 cxb5 27. Nd2 Nxc2
28. f5 Ne3 29. Qf3 Bf7 30. Rc1 Qd6 31. d4 Bxd4 32. Ne4 Qd5 33. Bxd4 Qxb3+ 0-1

[Event "Sparkassen-Open A"]
[Site "Heusenstamm, Martinsee"]
[Date "2015.11.28"]
[Round "5.13"]
[White "Held, Carsten"]
[Black "Henrich, Thomas"]
[Result "0-1"]
[WhiteElo "2065"]
[BlackElo "2192"]
[PlyCount "62"]
[EventDate "2015.??.??"]
[WhiteTeam "SC Ladja Roßdorf"]
[BlackTeam "SK Marburg"]

1. Nf3 d5 2. c4 e6 3. g3 Nf6 4. Bg2 Be7 5. O-O O-O 6. d4 c6 7. Nc3 Nbd7 8. b3
b6 9. Bb2 Ba6 10. Nd2 Rc8 11. e4 dxc4 12. bxc4 e5 13. d5 Nc5 14. Qe2 Re8 15.
Rfd1 cxd5 16. exd5 Bd6 17. Nb5 Na4 18. Rab1 Bxb5 19. cxb5 Rc2 20. Ba1 Qc7 21.
Qd3 Rxa2 22. Nc4 Nc5 23. Qf5 Qe7 24. Re1 g6 25. Qg5 Ncd7 26. f4 Bb4 27. d6 Bxd6
28. fxe5 Bc5+ 29. Kh1 Ne4 30. Qxe7 Nf2+ 31. Kg1 Rxe7 0-1

[Event "Sparkassen-Open A"]
[Site "Heusenstamm, Martinsee"]
[Date "2015.11.28"]
[Round "5.14"]
[White "Hecht, Carsten"]
[Black "Weil, Volker"]
[Result "1/2-1/2"]
[WhiteElo "2159"]
[BlackElo "2065"]
[PlyCount "35"]
[EventDate "2015.??.??"]
[WhiteTeam "LSV Turm Lippstadt"]
[BlackTeam "SC Steinbach"]

1. e4 d6 2. d4 Nf6 3. Nc3 e5 4. Nf3 Nbd7 5. Bc4 Be7 6. O-O O-O 7. a4 c6 8. Ba2
a5 9. Re1 exd4 10. Nxd4 Nc5 11. h3 Qb6 12. Qf3 Bd7 13. Nf5 Bxf5 14. Qxf5 Nfd7
15. Rb1 Rae8 16. Bd2 Bf6 17. Nd1 Qc7 18. b3 1/2-1/2

[Event "Sparkassen-Open A"]
[Site "Heusenstamm, Martinsee"]
[Date "2015.11.28"]
[Round "5.15"]
[White "Budzyn, Matthias"]
[Black "Euler, Stephan"]
[Result "1-0"]
[WhiteElo "2164"]
[BlackElo "2046"]
[PlyCount "75"]
[EventDate "2015.??.??"]
[WhiteTeam "SG Turm Kiel"]
[BlackTeam "SC Ladja Roßdorf"]

1. e4 d5 2. exd5 Qxd5 3. Nf3 Nf6 4. d4 Bg4 5. Be2 e6 6. O-O c6 7. c4 Qd8 8. Nc3
Be7 9. h3 Bh5 10. Bf4 Bd6 11. Ne5 Bxe2 12. Qxe2 O-O 13. Rad1 Qc7 14. c5 Bxe5
15. Bxe5 Qd8 16. Bxf6 Qxf6 17. Ne4 Qe7 18. Nd6 Na6 19. a3 Rab8 20. Rd3 Nc7 21.
Rg3 Nd5 22. Qg4 Qf6 23. Rd1 g6 24. Rf3 Qg7 25. Qe4 Nf6 26. Qe5 Nd5 27. Nxf7
Qxe5 28. Nxe5 Rxf3 29. Nxf3 Kg7 30. Rd3 Rd8 31. g3 Rd7 32. Kg2 Re7 33. Ne5 Nf6
34. Re3 Nd5 35. Rb3 Rc7 36. Nc4 b5 37. Nd6 a5 38. Ne8+ 1-0

[Event "Sparkassen-Open A"]
[Site "Heusenstamm, Martinsee"]
[Date "2015.11.28"]
[Round "5.16"]
[White "Eichner, Christian"]
[Black "Enneper, Eckhard"]
[Result "1/2-1/2"]
[WhiteElo "2051"]
[BlackElo "2155"]
[PlyCount "48"]
[EventDate "2015.??.??"]
[WhiteTeam "SV TuR Dresden"]
[BlackTeam "VSG Offenbach"]

1. e4 d5 2. exd5 Qxd5 3. Nc3 Qa5 4. d4 c6 5. Bc4 Bf5 6. Nf3 Nf6 7. Bd2 e6 8.
Qe2 Bb4 9. O-O-O Nbd7 10. Ne5 Nxe5 11. dxe5 Nd5 12. Bxd5 cxd5 13. Qb5+ Qxb5 14.
Nxb5 Bxd2+ 15. Rxd2 Ke7 16. h4 f6 17. Nd6 fxe5 18. Nxf5+ exf5 19. Rxd5 Ke6 20.
Rhd1 Rhe8 21. Rd7 Re7 22. R1d6+ Kf7 23. Kd2 Ke8 24. Rxe7+ Kxe7 1/2-1/2

[Event "Sparkassen-Open A"]
[Site "Heusenstamm, Martinsee"]
[Date "2015.11.28"]
[Round "5.17"]
[White "Hahn, Florian"]
[Black "Küpper, Martin"]
[Result "1-0"]
[WhiteElo "2149"]
[BlackElo "2013"]
[PlyCount "65"]
[EventDate "2015.??.??"]
[WhiteTeam "SC Herborn"]
[BlackTeam "SC Fulda"]

1. Nf3 Nf6 2. c4 g6 3. d4 d5 4. Nc3 Bg7 5. Bf4 O-O 6. e3 c5 7. dxc5 Qa5 8. Rc1
dxc4 9. Bxc4 Nc6 10. O-O Qxc5 11. Bb3 Qh5 12. h3 Na5 13. Ne5 Nxb3 14. Qxb3 b6
15. Rfd1 Be6 16. Qa3 Nd5 17. Nxd5 Bxe5 18. Nxe7+ Kg7 19. Bxe5+ Qxe5 20. Nc6 Qg5
21. e4 Rfc8 22. b4 a5 23. bxa5 bxa5 24. Rc5 Qf4 25. Qc3+ Qf6 26. e5 Qg5 27. Rd3
Kf8 28. Nd4 Qe7 29. Nxe6+ Qxe6 30. Rd6 Qf5 31. a3 Rcb8 32. Rd1 a4 33. e6 1-0

[Event "Sparkassen-Open A"]
[Site "Heusenstamm, Martinsee"]
[Date "2015.11.28"]
[Round "5.18"]
[White "Neukirchner, Pascal"]
[Black "Spiegel, Stefan"]
[Result "1/2-1/2"]
[WhiteElo "1910"]
[BlackElo "2137"]
[PlyCount "43"]
[EventDate "2015.??.??"]
[WhiteTeam "SK Gründau"]
[BlackTeam "SC Viernheim"]

1. Nf3 Nf6 2. d4 e6 3. Bf4 c5 4. c3 Nc6 5. e3 cxd4 6. exd4 b6 7. Bd3 Be7 8.
Nbd2 Bb7 9. O-O O-O 10. h3 Nd5 11. Bh2 Rc8 12. a3 d6 13. c4 Nf6 14. b4 Nb8 15.
Qa4 a6 16. Rac1 Nbd7 17. Rfe1 h6 18. Qb3 Re8 19. a4 Ra8 20. Ra1 Qc8 21. Rac1
Qd8 22. Ra1 1/2-1/2

[Event "Sparkassen-Open A"]
[Site "Heusenstamm, Martinsee"]
[Date "2015.11.28"]
[Round "5.20"]
[White "Künstler, Christian"]
[Black "Martin, Reiner"]
[Result "1-0"]
[WhiteElo "2223"]
[BlackElo "2021"]
[PlyCount "85"]
[EventDate "2015.??.??"]
[WhiteTeam "SF Neuberg"]
[BlackTeam "SC Bad Soden"]

1. d4 Nf6 2. c4 c5 3. d5 e6 4. Nc3 exd5 5. cxd5 d6 6. Nf3 g6 7. Bf4 a6 8. a4
Bg7 9. h3 O-O 10. e3 Re8 11. Nd2 Nbd7 12. Be2 Ne5 13. O-O Nfd7 14. Qc2 f5 15.
Bh2 Qe7 16. b3 b6 17. Rab1 Bb7 18. Rfd1 Rac8 19. Nc4 Rf8 20. Re1 h5 21. Rbd1
Rce8 22. Qd2 Kh7 23. Bf1 Bc8 24. f4 Nxc4 25. bxc4 Qd8 26. Bd3 Qf6 27. Rc1 Rf7
28. Kh1 Rfe7 29. Bg3 Rf7 30. Qf2 Qd8 31. Qc2 Qf6 32. Qb1 Rfe7 33. e4 h4 34. Bf2
fxe4 35. Nxe4 Qxf4 36. Be3 Qe5 37. Ng5+ Kg8 38. Bxg6 Rf8 39. Bd2 Qf6 40. Rf1
Qd4 41. Bf7+ Rfxf7 42. Rxf7 Rxf7 43. Qh7+ 1-0

[Event "Sparkassen-Open A"]
[Site "Heusenstamm, Martinsee"]
[Date "2015.11.28"]
[Round "5.21"]
[White "Von Auer, Ulrich"]
[Black "Engel, Berthold"]
[Result "1/2-1/2"]
[WhiteElo "2014"]
[BlackElo "2207"]
[PlyCount "53"]
[EventDate "2015.??.??"]
[WhiteTeam "SF Frankfurt"]
[BlackTeam "BG Buchen"]

1. d4 Nf6 2. c4 e6 3. g3 Bb4+ 4. Bd2 Bxd2+ 5. Qxd2 O-O 6. Bg2 d6 7. Nf3 Qe7 8.
Nc3 c6 9. O-O Re8 10. e4 e5 11. Nh4 c5 12. dxc5 dxc5 13. Nd5 Qd8 14. Nf5 Nc6
15. Nxg7 Kxg7 16. Qg5+ Kh8 17. Qxf6+ Qxf6 18. Nxf6 Rd8 19. Rad1 Rd4 20. Rxd4
cxd4 21. f4 Kg7 22. Nd5 Bg4 23. Bf3 Bd7 24. b4 f6 25. Bd1 Nd8 26. Bb3 b6 27.
Kf2 1/2-1/2

[Event "Sparkassen-Open A"]
[Site "Heusenstamm, Martinsee"]
[Date "2015.11.28"]
[Round "5.22"]
[White "Calvi, Stefan"]
[Black "Hankel, Dennis"]
[Result "1/2-1/2"]
[WhiteElo "2013"]
[BlackElo "2180"]
[PlyCount "113"]
[EventDate "2015.??.??"]
[WhiteTeam "SF Frankfurt"]
[BlackTeam "SF Neuberg"]

1. e4 e5 2. Nf3 Nc6 3. d4 exd4 4. Nxd4 Nf6 5. Nc3 Bb4 6. Nxc6 bxc6 7. Bd3 O-O
8. O-O d5 9. exd5 cxd5 10. h3 Be6 11. Qf3 Bd6 12. Nb5 Be7 13. Bf4 c5 14. Rfe1
c4 15. Bf1 Qb6 16. Nc7 Rac8 17. Nxe6 fxe6 18. Qe3 Ne4 19. Qxb6 axb6 20. Be3 Bc5
21. Bxc5 Nxc5 22. b4 cxb3 23. axb3 Rc6 24. f3 Rf4 25. Ra7 Rf7 26. Ra8+ Rf8 27.
Rxf8+ Kxf8 28. b4 Nb7 29. Ra1 Nd6 30. Bd3 Kf7 31. Ra6 Nc8 32. f4 Kf6 33. g4 g5
34. fxg5+ Kxg5 35. Bxh7 e5 36. Kf2 e4 37. Ra2 Rh6 38. Bf5 Ne7 39. Bd7 Rxh3 40.
Ra6 Kf4 41. Rxb6 Rh2+ 42. Kg1 Rxc2 43. Rf6+ Kg5 44. Rf7 Ng6 45. Rf5+ Kh4 46.
Rf2 Rc7 47. Bf5 Ne5 48. g5 Rb7 49. Rb2 Rb6 50. b5 Kg3 51. Kf1 Nf3 52. Ke2 Kf4
53. Bd7 d4 54. Bc6 d3+ 55. Kd1 Nxg5 56. Kd2 Nf3+ 57. Kd1 1/2-1/2

[Event "Sparkassen-Open A"]
[Site "Heusenstamm, Martinsee"]
[Date "2015.11.28"]
[Round "5.23"]
[White "Kagan, Dennis"]
[Black "Hinrichs, Hans-Uwe"]
[Result "1-0"]
[WhiteElo "2009"]
[BlackElo "2167"]
[PlyCount "149"]
[EventDate "2015.??.??"]
[WhiteTeam "SG Porz"]
[BlackTeam "SK Bingen"]

1. e4 c6 2. c4 d6 3. Be2 e5 4. Nf3 Bg4 5. Nc3 Nd7 6. O-O Ngf6 7. d4 Qc7 8. Be3
Be7 9. Rb1 O-O 10. h3 Bxf3 11. Bxf3 a6 12. a4 a5 13. Bg5 Rfe8 14. Bxf6 Bxf6 15.
d5 Nc5 16. g3 Bd8 17. Qc2 Qe7 18. Bd1 Bb6 19. Qd2 Rf8 20. Bc2 g6 21. Rbd1 Rad8
22. Kg2 f5 23. f3 f4 24. g4 Na6 25. Rh1 h5 26. Rdf1 Kg7 27. Rh2 Rh8 28. Rfh1
Qc7 29. Qe1 Bd4 30. b3 Kf7 31. Bb1 Qb6 32. Bc2 Nc5 33. Ne2 Be3 34. Qd1 Na6 35.
Qe1 Qc5 36. Nc1 Qb6 37. Nd3 Rde8 38. Qb1 Ref8 39. Bd1 Rh7 40. Be2 Rfh8 41. Qd1
g5 42. Qb1 Ke7 43. Bd1 Qd4 44. Qc2 Qb6 45. Qb1 hxg4 46. hxg4 Rxh2+ 47. Rxh2
Rxh2+ 48. Kxh2 Bg1+ 49. Kg2 Nb4 50. Bc2 Nxd3 51. Qxg1 Qxg1+ 52. Kxg1 Nb4 53.
Bb1 Kd7 54. Kf2 Kc7 55. Ke2 Kb6 56. Kd2 Kc5 57. Kc3 Na6 58. Bd3 Nb8 59. Be2 Nd7
60. Bd3 Nf8 61. Bf1 Ng6 62. Bd3 Nh4 63. Be2 Ng2 64. Bf1 cxd5 65. Bxg2 d4+ 66.
Kc2 Kb4 67. Kb2 Kc5 68. Kc2 Kb4 69. Bf1 Ka3 70. Bd3 Kb4 71. Kb2 Kc5 72. Ka3 Kc6
73. b4 b6 74. Kb3 Kc7 75. c5 1-0

[Event "Sparkassen-Open A"]
[Site "Heusenstamm, Martinsee"]
[Date "2015.11.28"]
[Round "5.24"]
[White "Schultze, Jörg-Martin"]
[Black "Feldmann, Johannes"]
[Result "0-1"]
[WhiteElo "2005"]
[BlackElo "2145"]
[PlyCount "73"]
[EventDate "2015.??.??"]
[WhiteTeam "SF Anderssen Wetzlar"]
[BlackTeam "SK Ludwigshafen"]

1. d4 e6 2. c4 b6 3. e4 Bb7 4. Nc3 Bb4 5. Qc2 Qh4 6. Bd3 f5 7. g3 Qh5 8. Bd2
Nf6 9. Nge2 fxe4 10. Nxe4 Bxd2+ 11. Kxd2 Nxe4+ 12. Bxe4 Nc6 13. Bxc6 Bxc6 14.
d5 exd5 15. Nf4 Qh6 16. Rhe1+ Kd8 17. Rad1 dxc4 18. Kc1 Kc8 19. Qxc4 Kb7 20. h4
Qf6 21. Nd5 Qxf2 22. Re3 Rae8 23. Rc3 Re1 24. Rcd3 Rhe8 25. Nb4 Rxd1+ 26. Rxd1
Re1 27. Nxc6 dxc6 28. Qc3 Re4 29. Qd3 Rg4 30. Qxh7 Rxg3 31. Qc2 Qf3 32. Kb1 Rg2
33. Qd3 Qf2 34. Qd4 Qc2+ 35. Ka1 a5 36. a3 g6 37. Qd3 0-1

[Event "Sparkassen-Open A"]
[Site "Heusenstamm, Martinsee"]
[Date "2015.11.28"]
[Round "5.25"]
[White "Kropp, Volker"]
[Black "Henrich, David"]
[Result "0-1"]
[WhiteElo "2002"]
[BlackElo "2140"]
[PlyCount "52"]
[EventDate "2015.??.??"]
[WhiteTeam "SV Mainz-Mombach"]
[BlackTeam "SK Niederbrechen"]

1. d4 d6 2. Nf3 Nf6 3. b3 g6 4. Bb2 Bg7 5. c4 O-O 6. e3 Nfd7 7. Qc2 Nc6 8. Be2
e5 9. d5 Ne7 10. Nbd2 h6 11. O-O f5 12. b4 g5 13. e4 f4 14. Ne1 Nf6 15. f3 h5
16. c5 g4 17. Nd3 Ng6 18. Rac1 Ne8 19. b5 Qh4 20. Rfe1 g3 21. Nf1 gxh2+ 22.
Nxh2 Qg5 23. Bd1 Nh4 24. Qf2 Bh3 25. Kf1 Nxg2 26. Ke2 Nxe1 0-1

[Event "Sparkassen-Open A"]
[Site "Heusenstamm, Martinsee"]
[Date "2015.11.28"]
[Round "5.26"]
[White "Ramien, David"]
[Black "Calder, Dennis"]
[Result "1/2-1/2"]
[WhiteElo "2140"]
[BlackElo "2000"]
[PlyCount "83"]
[EventDate "2015.??.??"]
[WhiteTeam "SG Porz"]
[BlackTeam "SC Bad Nauheim"]

1. e4 e5 2. Nf3 Nc6 3. Bc4 Bc5 4. c3 Nf6 5. d3 O-O 6. O-O h6 7. Re1 d6 8. Bb3
Bg4 9. h3 Bh5 10. Nbd2 b5 11. Nf1 Bb6 12. Ng3 Bg6 13. a4 a6 14. axb5 axb5 15.
Rxa8 Qxa8 16. Nh4 Ne7 17. Qf3 Kh7 18. Ngf5 Bxf5 19. Nxf5 Nfg8 20. Nxe7 Nxe7 21.
Bxf7 c6 22. g4 Qc8 23. Be3 Bxe3 24. fxe3 Ng6 25. Rf1 Nh8 26. Be6 Rxf3 27. Bxc8
Rxe3 28. d4 Rxh3 29. Kg2 Rd3 30. Rf3 Rd2+ 31. Rf2 Rxf2+ 32. Kxf2 c5 33. dxc5
dxc5 34. Bd7 b4 35. cxb4 cxb4 36. Ke3 Nf7 37. Kd3 Nd6 38. Kc2 g6 39. Kb3 Nxe4
40. Kxb4 Nf6 41. Bc8 e4 42. Kc4 1/2-1/2

[Event "Sparkassen-Open A"]
[Site "Heusenstamm, Martinsee"]
[Date "2015.11.28"]
[Round "5.27"]
[White "Poghosyan, Tigran"]
[Black "Kuhn, Gerhard"]
[Result "1-0"]
[WhiteElo "2120"]
[BlackElo "1969"]
[PlyCount "73"]
[EventDate "2015.??.??"]
[WhiteTeam "Lübecker SV"]
[BlackTeam "SK Marburg"]

1. e4 c6 2. Nf3 d5 3. exd5 cxd5 4. Ne5 Nf6 5. d4 e6 6. Bd3 Be7 7. O-O O-O 8. f4
Nc6 9. c3 Ne4 10. Nd2 f5 11. Ndf3 Nxe5 12. Nxe5 Bf6 13. Qe2 Bxe5 14. dxe5 Bd7
15. Be3 Qe7 16. Bxe4 fxe4 17. b4 Qe8 18. Qg4 b6 19. Bd4 Rf5 20. Rf2 Rc8 21. Qh3
Qf7 22. Qe3 Rf8 23. g3 Qh5 24. Rg2 Qe8 25. Rf1 R5f7 26. g4 g6 27. Rff2 Qd8 28.
Qg3 Qe7 29. h4 Rg7 30. Qh2 h6 31. f5 gxf5 32. gxf5 Rxg2+ 33. Rxg2+ Kh8 34. f6
Qf7 35. Qf4 Qh5 36. Qg3 Qf7 37. Qg7+ 1-0

[Event "Sparkassen-Open A"]
[Site "Heusenstamm, Martinsee"]
[Date "2015.11.28"]
[Round "5.28"]
[White "Benninger, Rudolf"]
[Black "Mehringer, Jörg"]
[Result "1/2-1/2"]
[WhiteElo "2119"]
[BlackElo "1976"]
[PlyCount "87"]
[EventDate "2015.??.??"]
[WhiteTeam "SC Heusenstamm"]
[BlackTeam "Schachpinguine Berlin"]

1. e4 e5 2. Nf3 Nc6 3. Bc4 Nf6 4. d3 Bc5 5. O-O h6 6. c3 d6 7. a4 a6 8. h3 O-O
9. Re1 Be6 10. Nbd2 Qd7 11. Nf1 Bxc4 12. dxc4 a5 13. Ng3 Qe6 14. Qd3 Ne7 15.
Nh4 Ng6 16. Ngf5 Kh7 17. b3 Ng8 18. Qg3 Qf6 19. Be3 Bxe3 20. Rxe3 Nf4 21. Ree1
g6 22. Ne3 Ne7 23. Rad1 Rfd8 24. Nf3 Ne6 25. Kh2 Nc5 26. Nd2 Ne6 27. Qf3 Qxf3
28. Nxf3 Nc5 29. Nd2 f5 30. f3 fxe4 31. fxe4 Rf8 32. Rf1 Kg7 33. g3 Rxf1 34.
Rxf1 Rf8 35. Rxf8 Kxf8 36. Nd5 c6 37. Nxe7 Kxe7 38. Kg2 Ke6 39. Kf3 Kf6 40. h4
h5 41. Ke3 g5 42. Kf3 Ne6 43. Ke3 gxh4 44. gxh4 1/2-1/2

[Event "Sparkassen-Open A"]
[Site "Heusenstamm, Martinsee"]
[Date "2015.11.28"]
[Round "5.29"]
[White "Rutsatz, Mario"]
[Black "Rosenberger, Frank"]
[Result "0-1"]
[WhiteElo "1988"]
[BlackElo "2070"]
[PlyCount "140"]
[EventDate "2015.??.??"]
[WhiteTeam "SF Frankfurt"]
[BlackTeam "SK Gernsheim"]

1. d4 d5 2. c4 e6 3. Nc3 c6 4. cxd5 exd5 5. Qc2 Bd6 6. Nf3 Ne7 7. Bg5 f6 8. Bh4
Bf5 9. Qd2 Nd7 10. e3 Nb6 11. b3 Qd7 12. Bg3 O-O 13. Bd3 Bxd3 14. Qxd3 Nf5 15.
Bxd6 Nxd6 16. O-O Rae8 17. a4 Qg4 18. a5 Nd7 19. a6 b5 20. Nd2 f5 21. f3 Qg6
22. Rfe1 Nf6 23. Ne2 Re7 24. Nf4 Qe8 25. Rac1 Rff7 26. Nf1 Rc7 27. Qc3 Qc8 28.
Qb4 Nde8 29. Qa3 g5 30. Nd3 Nd7 31. Rc2 Nb8 32. Nb4 Qd7 33. Nd3 Qc8 34. Nc5 Nf6
35. Rec1 Rfe7 36. Ra1 Qe8 37. Nb7 Qd7 38. Qc5 f4 39. e4 dxe4 40. Qxg5+ Kf7 41.
Qc5 e3 42. Nd6+ Kg6 43. h4 Nd5 44. Re2 Kg7 45. Nh2 h5 46. Nb7 Re6 47. Qc2 Nxa6
48. Rxa6 Rxb7 49. Qf5 Qf7 50. Qg5+ Kh7 51. Nf1 Nc3 52. Re1 b4 53. Ra5 Rb5 54.
Rxb5 Nxb5 55. d5 cxd5 56. Qxd5 Nc3 57. Qc5 Rb6 58. g3 e2 59. Nd2 fxg3 60. Kg2
Nd5 61. Ne4 Nf4+ 62. Kg1 Rg6 63. Ng5+ Rxg5 64. hxg5 h4 65. Qc2+ Kg8 66. Qc8+
Kg7 67. Qg4 a5 68. Qxh4 Qa7+ 69. Kh1 Qf2 70. Qh6+ Kg8 0-1